000 01010nmm a2200289 a 4500
001 ocm000924545
003 TR-IsHL
005 20201028145356.0
008 150110s2013 tu tur
007 cr cn
020 _a9786054921331
035 _a924545
_b(N$T)
050 0 4 _aB753
_b.M37 2013
090 0 4 _aB753
_b.M37 2013
100 1 _aEbu Mansur el-Maturidi
245 1 0 _aİslam inanç esasları: (fıkh-ı ekber şerhi)
_h[electronic resource] /
_cEbu Mansur el-Maturidi ; çev. Adnan Bülent Baloğlu, Murat Memiş
260 _aİstanbul :
_bBilge Kültür Sanat,
_c2013
300 _a125 p.
650 4 _aFelsefe, Psikoloji ve Din
650 4 _aPhilosophy, Psychology and Religion
650 0 _aİslam
_x Akaid ve Kelam
650 0 _aIslam
_x Aqaid and Kalam
650 7 _aRELIGION / Islam / History
_2bisacsh
700 1 _aBaloğlu, Adnan Bülent
700 1 _aMemiş, Murat
856 4 0 _uhttp://search.ebscohost.com/login.aspx?direct=true&scope=site&db=e011xww&AN=924545
999 _c9917
_d9917